LEADER 01166nam a2200265 i 4500 001 000000107210 003 CaOOAMICUS 005 20070926152414.0 008 070926s1973 it u000 u ita r 040 $aPUL$bita$dLDB 041 1 $aita$heng 100 1 $aFromm, Erich,$d1900-1980.$0(OLS)http://pul/name/12998 240 14$aThe heart of man. Its Genius for Good and Evil$lItaliano.$0(OLS)http://pul/title/134999 245 10$aPsicoanalisi dell'amore :$bnecrofilia e biofilia nell'uomo /$cErich Fromm ; introduzione di Elisa Calzavara. 250 $a2. ed. 260 $aRoma :$bNewton Compton Editori,$c1973. 300 $a207 p. ;$c21 cm 490 1 $aPaperbacks saggi ;$v44 650 4$aPsicologia$xAmore.$0(OLS)http://pul/subject/26813 830 0$aPaperbacks saggi ;$v44.$0(OLS)http://pul/title/36814 850 $aPUL 852 $aPUL$W1$xSL Religione 1$y3$m38 A 37$j121796$qStampati$B120783$CPULBib$Z2$F120783 $H42164 $82 941 1 $a8 996 $6245$aPsicoanalisi dell'amore :$bnecrofilia e biofilia nell'uomo$9(OLS)http://pul/title/135000 996 $6260$aRoma :$bNewton Compton Editori$9(OLS)http://pul/publisher/68839 LEADER 01753nam a2200385 a 4500 001 000000063351 003 CaOOAMICUS 005 20150622164917.0 008 011024s1976 it u000 u ita r 035 $a10907630 040 $aPUL(R)$bita 041 1 $aita$hger 100 1 $aConzelmann, Hans,$d1915-1989.$0(OLS)http://pul/name/2147 240 10$aGerschichte des Urchristentums.$lItaliano.$0(OLS)http://pul/title/84489 245 13$aLe origini del cristianesimo :$bi risultati della critica storica /$cHans Conzelmann ; edizione italiana a cura di Bruno Corsani. 260 $aTorino :$bEd. Claudiana,$c1976. 300 $a269 p.$c22 cm 490 1 $aPiccola biblioteca teologica (Claudiana) ;$v10 500 $aContiene indice. 504 $aBibliografia in nota. 650 4$aCristianesimo$xOrigini.$0(OLS)http://pul/subject/11957 700 1 $aCorsani, Bruno.$0(OLS)http://pul/name/12374 830 0$aPiccola biblioteca teologica (Claudiana) ;$v10.$0(OLS)http://pul/title/31784 850 $aPUL 852 $aPUL$W1$xDP1 Fondo E. Rossi$y115$m1 C 94$j44627$qFondi$B150947$CPULBib$Z2$F150947 $82 852 $aPUL$W1$xDP2 Religione 1$y63$m72 B 24$j82206$nBK-PRI$qStampati$B82206$CPULBib$Z2$F82206 $82 852 $aPUL$W1$xDP1 Fondo S. Lanza$y121$m3 C 35.10$j166343$qFondi$B166937$CPULBib$Z2$F166937 $HLAN1715 $82 941 1 $a8 941 1 $a1 961 $aINV: 43307 961 $aSul dorso collocazione ms. di E. Rossi: C 66 961 $aNota ms. di possesso: Sergio Lanza 996 $6245$aLe origini del cristianesimo :$bi risultati della critica storica$9(OLS)http://pul/title/84490 996 $6260$aTorino :$bEd. Claudiana$9(OLS)http://pul/publisher/59530